| 000 | 01647cam a2200397Ia 4500 | ||
|---|---|---|---|
| 001 | irreverentguides00kell | ||
| 003 | CaSfIA | ||
| 005 | 20210118103755.0 | ||
| 007 | cr|||| | ||
| 008 | 960731s1996 nyuab 000 0 eng d | ||
| 040 |
_aSXP _cSXP _dOCL _dOCLCQ _dBTCTA _dBAKER _dYDXCP _dCaSfIA |
||
| 020 |
_a0028608860 : _c$12.95 |
||
| 020 | _a9780028608860 | ||
| 035 | _a(OCoLC)35170670 | ||
| 043 | _an-us-fl | ||
| 050 | 4 |
_aF319.M6 _bF766 1996 |
|
| 082 | 0 | 4 |
_a917.5938 _bK |
| 100 | 1 | _aKelly, Laura. | |
| 245 | 1 | 0 |
_aIrreverent guides. _pMiami / _h[electronic resource] _cby Laura Kelly and Eric Newell. |
| 246 | 1 | 4 | _aFrommer's irreverent guides, Miami |
| 246 | 3 | 0 | _aFrommer's Miami |
| 246 | 3 | 0 | _aMiami |
| 250 | _a1st ed. | ||
| 260 |
_aNew York : _bMacmillian USA, _cc1996. |
||
| 300 |
_a200 p. : _bill., maps ; _c21 cm. |
||
| 440 | 0 | _aIrreverent guides | |
| 500 | _aA Balliett & Fitzgerald Book. | ||
| 500 | _a"A wickedly honest guide for sophisticated travelers, and those who want to be"--Cover. | ||
| 651 | 0 |
_aMiami (Fla.) _vGuidebooks. |
|
| 700 | 1 | _aNewell, Eric. | |
| 856 | 4 | 1 |
_uhttp://www.archive.org/details/irreverentguides00kell _zFree eBook from the Internet Archive |
| 856 | 4 | 2 |
_uhttp://www.openlibrary.org/books/OL24211071M _zAdditional information and access via Open Library |
| 942 | _cEB | ||
| 506 | _fНеобхідна авторизація на https://archive.org/ (створення облікового запису безкоштовно) | ||
| 506 | _fНеобхідна авторизація на https://openlibrary.org/ (створення облікового запису безкоштовно) | ||
| 999 |
_c513016 _d513016 |
||